The use and abuse of history
Αποθηκεύτηκε σε:
| Κύριος συγγραφέας: | |
|---|---|
| Άλλοι συγγραφείς: | , |
| Μορφή: | Βιβλίο |
| Γλώσσα: | English German |
| Δημοσίευση: |
New York :
Liberal Arts Press,
1957.
|
| Έκδοση: | [2η αναθ. έκδ.] |
| Σειρά: | (The Library of liberal arts ;
11) |
| Θέματα: | |
| Ετικέτες: |
Προσθήκη ετικέτας
Δεν υπάρχουν, Καταχωρήστε ετικέτα πρώτοι!
|
MARC
| LEADER | 00000cam a2200000 a 4500 | ||
|---|---|---|---|
| 001 | 1/113288 | ||
| 008 | 170309s1957####nyu| ||| |||| ||eng|| | ||
| 040 | |a GR-MyUa |b gre |c GR-MyUa |e AACR2 | ||
| 041 | 1 | |a eng |h ger | |
| 082 | 7 | |a 901 |2 (23) | |
| 100 | 1 | |a Nietzsche, Friedrich Wilhelm, |d 1844-1900. | |
| 245 | 1 | 4 | |a The use and abuse of history / |c by Friedrich Nietzsche ; translated by Adrian Collins, with an introduction by Julius Kraft. |
| 250 | |a [2η αναθ. έκδ.] | ||
| 260 | |a New York : |b Liberal Arts Press, |c 1957. | ||
| 490 | 0 | |a (The Library of liberal arts ; |v 11) | |
| 500 | |a Μετάφραση του 2ου μέρους του συγγραφές: Unseitgemäse Betrachtungen. | ||
| 650 | 0 | |a History |x Study and teaching. | |
| 700 | 1 | |a Collins, Andrian, |e trl | |
| 700 | 1 | |a Kraft, Julius, |d 1898-1960, |e aui | |
| 852 | |a INST |b LESVOS |e 20170309 |h 901 NIE |p 005100058847 |q 005100058847 |t BK |y 0 | ||
| 970 | |a Τζαφέρη |b Ευαγγελία |z 09-03-2017 | ||